000 00885nam a2200313 a 4500
003 AR-BaBNM
005 20251128210259.0
008 082120s2002 ||||||||||||||000 | spa||
020 _a0-304-32802-2
040 _cAR-BaBNM
100 1 _aHendry, Leo B.
245 0 0 _aEducating for health
_bschool and community : approaches with adolescents
260 _aLondres
_bCassell
_c1995
300 _a226 p.
490 0 _aIssues in education
504 _aContiene bibliografía p. 197-218
650 4 _aADOLESCENTES
650 4 _aRELACION ESCUELA-COMUNIDAD
650 4 _aROL DEL DOCENTE
650 4 _aPARTICIPACION DEL ALUMNO
653 _aEDUCACION PARA LA SALUD
653 _aEDUCACION SECUNDARIA
653 _aESTRATEGIAS EDUCATIVAS
700 1 _aShucksmith, Janet
700 1 _aPhilip, Kate
800 1 _aHills, Philip
_eeditor
942 _cBK
998 _cRaquel
999 _c14766
_d14766